00530 2200193 4500001002100000005001500021035002000036007000300056008004100059082001000100084001600110100002700126245004600153250001000199260004800209300004200257650002100299504001600320INLIS00000000000478320260703033336 a0010-0726000032ta260703 g 0 ind  a158.1 a158.1 A.N k0 aA.n Ubaedy (pengarang)1 aKedasyatan Berpikir Positif /cA.n Ubaedy aCet.1 aJakarta :bPerspektif Media Komunika,c2007 aviii, 108 hal :bTeks, Tabel ;c19 cm 4aBerpikir Positif aHal 103-104